000 00623nam a2200229Ia 4500
003 OSt
005 20220928112058.0
006 a|||||r|||| 00| 0
007 ta
008 220927b |||||||| |||| 00| 0 eng d
024 _a43700
037 _cTextual
040 _aSDCL
_cSDCL
_beng
041 _2eng
_aeng
082 _aX:952, M8
100 _aRae Leslie
_9426196
245 0 _aSkills of interviewing
_b A guide for managers and trainers
260 _aAldershot
_bGower Publishing
_c1988
300 _aix,212p
_ccm.
942 _hX:952, M8
_cTEXL
_2CC
999 _c743180
_d743180